[Event "Pardubice Czech op-A 29th"]
[Site "Pardubice"]
[Date "2018.07.20"]
[Round "1"]
[White "Ristoja, Samu"]
[Black "Noe, Christopher"]
[Result "0-1"]
[WhiteElo "2239"]
[BlackElo "2520"]
[PlyCount "48"]
[EventDate "2018.07.20"]
[EventType "swiss"]
[EventRounds "9"]
[EventCountry "CZE"]
[SourceTitle "CBM 185 Extra"]
[Source "ChessBase"]
[SourceDate "2018.07.29"]
[SourceVersion "1"]
[SourceVersionDate "2018.07.29"]
[SourceQuality "1"]

1. e4 e5 2. Bc4 Nf6 3. Nc3 Bc5 4. d3 Nc6 5. Nge2 Ng4 6. Ng3 Bxf2+ 7. Kf1 d6 8. Qf3 0-0 9. Nf5 Bxf5 10. exf5 h5 11. h3 Nd4 12. Qd1 Qh4 13. hxg4 Qxh1+ 14. Kxf2 Qh4+ 15. Kf1 Qh1+ 16. Kf2 Qh4+ 17. Kf1 hxg4 18. Ne2 Nxf5 19. Qe1 Qh1+ 20. Ng1 Rae8 21. Bd5 Re6 22. Ke2 c6 23. Be4 Nd4+ 24. Kd1 f5 0-1

[Event "FIN-chT 1718"]
[Site "Finland"]
[Date "2018.03.11"]
[Round "11.2"]
[White "Ristoja, Samu"]
[Black "Miezis, Normunds"]
[Result "0-1"]
[WhiteElo "2250"]
[BlackElo "2416"]
[PlyCount "58"]
[EventDate "2017.09.16"]
[EventType "team-tourn"]
[EventRounds "11"]
[EventCountry "FIN"]
[SourceTitle "EXT 2019"]
[Source "ChessBase"]
[SourceDate "2018.10.10"]
[SourceVersion "1"]
[SourceVersionDate "2018.10.10"]
[SourceQuality "1"]
[WhiteTeam "Kotka KymS"]
[BlackTeam "Helsinki Aatos"]
[WhiteTeamCountry "FIN"]
[BlackTeamCountry "FIN"]

1. e4 c5 2. Nf3 e6 3. d4 cxd4 4. Nxd4 a6 5. c4 Qc7 6. Nc3 Nc6 7. Be2 Nf6 8. 0-0 Bb4 9. Bg5 Bxc3 10. Bxf6 gxf6 11. bxc3 Ne5 12. f4 Nxc4 13. Qd3 b5 14. a4 Nb2 15. Qg3 Nxa4 16. Qg7 Rf8 17. Qxf6 Bb7 18. f5 e5 19. Rxa4 bxa4 20. Ne6 dxe6 21. Bd1 Qc5+ 22. Kh1 Kd7 23. fxe6+ Kc7 24. Bxa4 fxe6 25. Qg7+ Kb6 26. Rb1+ Ka5 27. Be8 Bxe4 28. Ra1+ Kb6 29. Bf7 Qf2 0-1

[Event "FIN-chT 1718"]
[Site "Finland"]
[Date "2018.03.10"]
[Round "10.2"]
[White "Sulskis, Sarunas"]
[Black "Ristoja, Samu"]
[Result "1-0"]
[WhiteElo "2525"]
[BlackElo "2250"]
[PlyCount "61"]
[EventDate "2017.09.16"]
[EventType "team-tourn"]
[EventRounds "11"]
[EventCountry "FIN"]
[SourceTitle "EXT 2019"]
[Source "ChessBase"]
[SourceDate "2018.10.10"]
[SourceVersion "1"]
[SourceVersionDate "2018.10.10"]
[SourceQuality "1"]
[WhiteTeam "Helsinki SSK"]
[BlackTeam "Kotka KymS"]
[WhiteTeamCountry "FIN"]
[BlackTeamCountry "FIN"]

1. d4 Nf6 2. c4 e6 3. Nf3 b6 4. a3 Bb7 5. Nc3 d5 6. Qc2 Nbd7 7. cxd5 exd5 8. g3 Be7 9. Bg2 0-0 10. 0-0 Re8 11. Rd1 a6 12. Bf4 Nf8 13. b4 Ng6 14. Bg5 Ne4 15. Bxe7 Qxe7 16. e3 Nxc3 17. Qxc3 Qd6 18. Rac1 Re7 19. Rd2 c6 20. a4 a5 21. Rb2 axb4 22. Rxb4 Rc7 23. Qb2 Bc8 24. h4 Nf8 25. Rxb6 Rxa4 26. Ne5 Ra6 27. Rxa6 Bxa6 28. Qb6 f6 29. Rxc6 Rxc6 30. Qxc6 Qxc6 31. Nxc6 1-0

[Event "FIN-chT 1718"]
[Site "Finland"]
[Date "2018.02.04"]
[Round "8.3"]
[White "Topi Hulmi, Teemu"]
[Black "Ristoja, Samu"]
[Result "0-1"]
[WhiteElo "2217"]
[BlackElo "2250"]
[PlyCount "78"]
[EventDate "2017.09.16"]
[EventType "team-tourn"]
[EventRounds "11"]
[EventCountry "FIN"]
[SourceTitle "EXT 2019"]
[Source "ChessBase"]
[SourceDate "2018.10.10"]
[SourceVersion "1"]
[SourceVersionDate "2018.10.10"]
[SourceQuality "1"]
[WhiteTeam "Turku TuTS"]
[BlackTeam "Kotka KymS"]
[WhiteTeamCountry "FIN"]
[BlackTeamCountry "FIN"]

1. e4 d6 2. d4 Nf6 3. Nc3 Nbd7 4. f4 e5 5. Nf3 exd4 6. Qxd4 c6 7. Be3 d5 8. 0-0-0 Bc5 9. Qd2 Bxe3 10. Qxe3 Qb6 11. Qxb6 Nxb6 12. exd5 Nbxd5 13. Re1+ Kf8 14. Nxd5 Nxd5 15. g3 h5 16. Bc4 Nb6 17. Bb3 Bf5 18. Ng5 Nd5 19. Re5 g6 20. Bxd5 cxd5 21. Rhe1 f6 22. Ne6+ Kf7 23. R5e3 Rac8 24. Nd4 Be4 25. Rb3 Rc7 26. c3 h4 27. g4 h3 28. Re3 Rh4 29. Nb5 Rd7 30. Nxa7 Bg2 31. Rg3 f5 32. gxf5 gxf5 33. Rb6 Rg4 34. Rxg4 fxg4 35. Rh6 Kg8 36. Nc8 g3 37. Rg6+ Rg7 38. Ne7+ Kf8 39. Rxg7 gxh2 0-1

[Event "FIN-chT 1718"]
[Site "Finland"]
[Date "2017.10.22"]
[Round "4.3"]
[White "Ristoja, Samu"]
[Black "Luukkonen, Tommi"]
[Result "0-1"]
[WhiteElo "2250"]
[BlackElo "2348"]
[PlyCount "86"]
[EventDate "2017.09.16"]
[EventType "team-tourn"]
[EventRounds "11"]
[EventCountry "FIN"]
[SourceTitle "EXT 2019"]
[Source "ChessBase"]
[SourceDate "2018.10.10"]
[SourceVersion "1"]
[SourceVersionDate "2018.10.10"]
[SourceQuality "1"]
[WhiteTeam "Kotka KymS"]
[BlackTeam "Jyvaskyla JyS"]
[WhiteTeamCountry "FIN"]
[BlackTeamCountry "FIN"]

1. e4 d6 2. d4 Nf6 3. Nc3 g6 4. f4 Bg7 5. Nf3 0-0 6. Bd3 Na6 7. 0-0 c5 8. d5 Bg4 9. Qe1 Bxf3 10. Rxf3 Nd7 11. e5 dxe5 12. f5 e4 13. Bxe4 b5 14. Rh3 Nf6 15. Qh4 b4 16. Bg5 Re8 17. Ne2 c4 18. fxg6 hxg6 19. Rf1 Nc5 20. Bh6 Nh5 21. Bxg7 Nxe4 22. Qxe4 Kxg7 23. Nf4 Nf6 24. Qe5 Rh8 25. Rxh8 Qb6+ 26. Rf2 Rxh8 27. g4 Rxh2 28. Kxh2 Qxf2+ 29. Ng2 Kh7 30. Qxe7 Nxg4+ 31. Kh3 Qf3+ 32. Kh4 Nh6 33. Ne3 Qxe3 34. Qxe3 Nf5+ 35. Kg5 Nxe3 36. d6 f6+ 37. Kxf6 Nd5+ 38. Ke5 Nb6 39. a4 bxa3 40. bxa3 Kg7 41. Ke6 g5 42. a4 Nxa4 43. Kf5 Kf7 0-1